000 00310nam a22001457a 4500
020 _a978-81-7245-120-2
082 _a500
_bVEC/H
100 _aVECCHIONE, GLEN
245 _a100 AMAZING
260 _aDELHI
_bGOODWILL
300 _a224
520 _aSCIENCE QUIZ
650 _aSCIENCE QUIZ
_zDELHI
942 _cBK
999 _c6011
_d6011